| 000 | 00687nam a22002177a 4500 | ||
|---|---|---|---|
| 005 | 20251108164404.0 | ||
| 008 | 250721s1990 xx 000 0 ara d | ||
| 082 | 1 | 4 | _a232/غزا |
| 100 | 1 | _aالغزالي، أبو حامد محمد | |
| 245 | 1 | 0 | _aالرد الجميل لإلهية عيسى بصريح الإنجيل / |
| 250 | _aط3. | ||
| 264 | 1 |
_aالقاهرة : _bمكتبة الزهراء، _c1990. |
|
| 300 | _a182ص. | ||
| 650 | 1 | 7 | _aالمسيح |
| 650 | 1 | 7 | _aالمسيحية |
| 650 | 1 | 7 | _aالديانات المقارنة |
| 650 | 1 | 7 | _aالأناجيل |
| 700 | 1 |
_aالشرقاوي، محمد عبد الله _eتحقيق |
|
| 942 |
_2ddc _cBK |
||
| 999 |
_c10963 _d10963 |
||